Les Mémoires de la Méditerranée : Préhistoire et Antiquité (notice n° 1662578)
[ vue normale ]
| 000 -LEADER | |
|---|---|
| fixed length control field | 02491cam a2200181 4500500 |
| 005 - DATE AND TIME OF LATEST TRANSACTION | |
| control field | 20260222000402.0 |
| 041 ## - LANGUAGE CODE | |
| Language code of text/sound track or separate title | fre |
| 042 ## - AUTHENTICATION CODE | |
| Authentication code | dc |
| 100 10 - MAIN ENTRY--PERSONAL NAME | |
| Personal name | Braudel, Fernand |
| Relator term | author |
| 245 00 - TITLE STATEMENT | |
| Title | Les Mémoires de la Méditerranée : Préhistoire et Antiquité |
| 260 ## - PUBLICATION, DISTRIBUTION, ETC. | |
| Name of publisher, distributor, etc. | Les Belles lettres,<br/> |
| Date of publication, distribution, etc. | 2022.<br/> |
| 520 ## - SUMMARY, ETC. | |
| Summary, etc. | « Sur l’immense passé de la Méditerranée, le plus beau des témoignages est celui de la mer elle-même. Il faut le dire, le redire. Il faut la voir, la revoir. Bien sûr, elle n’explique pas tout, à elle seule, d’un passé compliqué, construit par les hommes avec plus ou moins de logique, de caprice ou d’aberrance. Mais elle resitue patiemment les expériences du passé, leur redonne les prémices de la vie, les place sous un ciel, dans un paysage que nous pouvons voir de nos propres yeux, analogues à ceux de jadis. Un moment d’attention ou d’illusion : tout semble revivre. » On l’a compris. Ce livre est le fruit d’un vieil amoureux de la mer Intérieure qui en dévoile pour nous les balbutiements enrichis d’un savoir encyclopédique. L’historien des grands espaces et des longues durées apporte son métier et sa vision à la Préhistoire et aux antiques civilisations qui, jusqu’à l’accomplissement de la conquête romaine, ont bordé et fait la Méditerranée. D’où une vision très libre et stimulante de ces civilisations dans leur milieu géographique, les mouvements de leurs populations, les conflits qui opposent nomades et sédentaires, l’interminable évolution technique de la domestication du feu à l’écriture, et la mise en situation de chaque grande réalisation culturelle des premiers moments de vie en Mésopotamie à l’épanouissement de la civilisation romaine… Des pages qui, à travers les peintures de mégalithes, de pyramides, de temples grecs ou de basiliques se découpant dans une lumière d’azur, nous renvoient l’image d’un passé éternellement présent. Membre de l’Académie française, Fernand Braudel (1902-1985) a enseigné au Collège de France et présidé l’École Pratique des Hautes Études (VIe section), la Maison des Sciences de l’Homme ainsi que la revue des Annales. |
| 700 10 - ADDED ENTRY--PERSONAL NAME | |
| Personal name | de Ayala, Roselyne |
| Relator term | author |
| 700 10 - ADDED ENTRY--PERSONAL NAME | |
| Personal name | Braudel, Paule |
| Relator term | author |
| 700 10 - ADDED ENTRY--PERSONAL NAME | |
| Personal name | Guilaine, Jean |
| Relator term | author |
| 700 10 - ADDED ENTRY--PERSONAL NAME | |
| Personal name | Rouillard, Pierre |
| Relator term | author |
| 856 41 - ELECTRONIC LOCATION AND ACCESS | |
| Uniform Resource Identifier | <a href="https://shs.cairn.info/les-memoires-de-la-mediterranee--9782251453057?lang=fr&redirect-ssocas=7080">https://shs.cairn.info/les-memoires-de-la-mediterranee--9782251453057?lang=fr&redirect-ssocas=7080</a> |
Pas d'exemplaire disponible.




Réseaux sociaux